|
|
|
|
| LEADER |
01160cam a2200349 7i4500 |
| 001 |
0000021611 |
| 005 |
20200710090000.0 |
| 005 |
##20200710152100.0 |
| 003 |
##MY-KlINT |
| 008 |
201511t20001999my a g 001 0 eng d |
| 020 |
# |
# |
|a 9839214942
|
| 020 |
# |
# |
|a 9789839214949
|
| 039 |
# |
9 |
|a 202007101521
|b Amir
|c 202007091031
|d rozila
|y 201511041241
|z VLOAD
|
| 040 |
# |
# |
|a ELMU
|
| 082 |
0 |
0 |
|a 658.812
|
| 090 |
0 |
0 |
|a 658.812
|b GRE
|
| 100 |
1 |
# |
|a Greiner, Donna
|e author
|
| 245 |
1 |
0 |
|a 1,001 Ways to Keep Customers Coming Back :
|b Wow Ideas That Make Customers Happy and Will Increase Your Bottom Line /
|c Donna Greiner, Theodore B. Kinni.
|
| 246 |
0 |
# |
|a One thousand one ways to keep customers coming back
|
| 264 |
# |
0 |
|a Petaling Jaya
|b ADVANTAGE QUEST PUBLICATIONS
|c 2000
|
| 264 |
# |
0 |
|c ♭1999
|
| 300 |
# |
# |
|a xvi, 263 pages:
|b illustrations;
|c 23cm.
|
| 336 |
# |
# |
|a text
|2 rdacontent
|
| 337 |
# |
# |
|a unmediated
|2 rdamedia
|
| 338 |
# |
# |
|a volume
|2 rdacarrier
|
| 500 |
# |
# |
|a Includes index
|
| 583 |
# |
# |
|a LULUS
|
| 650 |
# |
0 |
|a Customers services
|
| 650 |
# |
0 |
|a Consumer satisfaction
|
| 650 |
# |
0 |
|a Customer loyalty
|
| 650 |
# |
0 |
|a Customer relations
|
| 700 |
0 |
# |
|a Kinni, Theodore B
|